الأبحاث الفائزة في الملتقى الطلابي الإبداعي الخامس عشر بعنوان الجامعات العربية والتنمية / (Record no. 17480)
[ view plain ]
| 000 -الفاتح | |
|---|---|
| حقل البيانات ثابتة الطول | 00791nam a22001457a 4500 |
| 008 - عناصر البيانات ثابتة الطول - معلومات عامة | |
| حقل البيانات ثابتة الطول | 130526s2013 jo ||||| |||| 00| 0 ara d |
| 082 ## - رقم تصنيف ديوى العشرى | |
| رقم الطبعة | 22 |
| رقم التصنيف | 378.198091751 |
| رقم المادة | م ل ت |
| 111 ## - المدخل الرئيسى - اسم مؤتمر | |
| اسم المؤتمر أو اسم السلطة كمدخل | الملتقى الطلابي الإبداعي : |
| تاريخ الاجتماع | 2012 |
| موقع المؤتمر | 15 : |
| 9 (RLIN) | 33251 |
| 245 ## - بيان العنوان | |
| العنوان | الأبحاث الفائزة في الملتقى الطلابي الإبداعي الخامس عشر بعنوان الجامعات العربية والتنمية / |
| بيان المسئوليه,etc | المجلس العربي لتدريب طلاب الجامعات العربية. |
| 260 ## - PUBLICATION, DISTRIBUTION, ETC. (IMPRINT) | |
| مكان الناشر او الموزع | عمان، الاردن : |
| اسم الناشر او الموزع | الجامعة الأردنية، |
| تاريخ النشر أو التوزيع | 2013. |
| 300 ## - الوصف المادى | |
| التعداد | 550 ص. : |
| تفاصيل ماديه اخرى للوعاء | ايض. ؛ |
| أبعاد الوعاء | 30 سم. |
| 650 ## - المدخل الاضافى بالموضوع-مصطلح موضوعى | |
| مصطلح موضوعي أو اسم جغرافي كعنصر مدخل | الإبداع في التعليم. |
| 9 (RLIN) | 33252 |
| 650 ## - المدخل الاضافى بالموضوع-مصطلح موضوعى | |
| مصطلح موضوعي أو اسم جغرافي كعنصر مدخل | النشاط الجامعي |
| التقسيم الفرعي الشكلي | مؤتمرات |
| 9 (RLIN) | 33253 |
| 942 ## - عناصر المدخل الإضافي( كوها) | |
| مصدر التصنيف او مخطط الترفيف | Dewey Decimal Classification |
| Koha [default] item type | Reference (NB) |
| حالة التراجع | حالة الفقد | مصدر التصنيف او خطة الترفيف | حالة تلف | ليس للاعارة | مجموعات كوها | المكان الدائم | المكان الحالي | موقع الترفيف | تاريخ الاكتساب | Source of acquisition | رقم الاستدعاء | الباركود | Date last seen | نوع الوعاء |
|---|---|---|---|---|---|---|---|---|---|---|---|---|---|---|
| Dewey Decimal Classification | Central Library | Central Library | Ground Floor | 26/05/2013 | Donation | 378.198091751 م ل ت | 000028752 | 15/07/2025 | Reference (NB) |